[Event "VIE-ch U17"]
[Site "Hai Phong"]
[Date "2018.07.09"]
[Round "5"]
[White "Cao, Pham The Duy"]
[Black "Pham, Anh Tuan"]
[Result "1-0"]
[WhiteElo "1778"]
[BlackElo "1765"]
[PlyCount "80"]
[EventDate "2018.07.07"]
[EventType "swiss"]
[EventRounds "9"]
[EventCountry "VIE"]
[SourceTitle "EXT 2019"]
[Source "ChessBase"]
[SourceDate "2018.10.10"]
[SourceVersion "1"]
[SourceVersionDate "2018.10.10"]
[SourceQuality "1"]

1. e4 e5 2. Nf3 Nc6 3. d4 exd4 4. Nxd4 Nf6 5. Nc3 Bb4 6. Nxc6 bxc6 7. Bd3 d5 8. exd5 cxd5 9. 0-0 0-0 10. Bg5 Be7 11. Bxf6 Bxf6 12. Qh5 g6 13. Qxd5 Qxd5 14. Nxd5 Bxb2 15. Rab1 Be5 16. Ne7+ Kg7 17. Be4 Ba6 18. Bxa8 Bxf1 19. Kxf1 Rxa8 20. Nc6 Bd6 21. Ke2 Kf6 22. Kd3 Ke6 23. Kc4 Kd7 24. Nb8+ Ke6 25. Re1+ Kf5 26. Nc6 h5 27. h3 a5 28. Kd5 Ra6 29. c4 Bb4 30. Re3 Kf6 31. a3 Bd2 32. Rd3 Be1 33. c5 Kg5 34. Re3 Bxf2 35. Rf3 Bg1 36. Rxf7 Bh2 37. Nd4 Kh4 38. Nf3+ Kg3 39. Nxh2 Kxh2 40. Rxc7 Kg3 1-0

[Event "VIE-ch U13"]
[Site "Ho Chi Minh City"]
[Date "2014.07.16"]
[Round "6"]
[White "Nguyen, Duy Long"]
[Black "Cao, Pham The Duy"]
[Result "1/2-1/2"]
[WhiteElo "1779"]
[BlackElo "1799"]
[PlyCount "93"]
[EventDate "2014.07.13"]
[EventType "swiss"]
[EventRounds "9"]
[EventCountry "VIE"]
[SourceTitle "EXT 2016"]
[Source "ChessBase"]
[SourceDate "2015.10.08"]
[SourceVersion "1"]
[SourceVersionDate "2015.10.08"]
[SourceQuality "1"]

1. e4 e6 2. d4 d5 3. exd5 exd5 4. Bd3 Be6 5. Ne2 Nf6 6. 0-0 Be7 7. c3 0-0 8. Nd2 Nbd7 9. h3 c5 10. dxc5 Nxc5 11. Bc2 Qc7 12. Nf3 Rfd8 13. Bf4 Bd6 14. Bxd6 Qxd6 15. Ned4 Rac8 16. Re1 h6 17. Nb3 Nxb3 18. Bxb3 Ne4 19. Qd4 Qf4 20. Qe3 Qxe3 21. Rxe3 Kf8 22. Rd1 Nc5 23. Nd4 Nxb3 24. Nxe6+ fxe6 25. axb3 Kf7 26. f4 Rc6 27. f5 exf5 28. Re5 Rcd6 29. Rxf5+ Kg6 30. Rf4 Rb6 31. b4 Rbd6 32. Kf2 Rf6 33. Kf3 Rxf4+ 34. Kxf4 Kf6 35. c4 g5+ 36. Ke3 Ke5 37. cxd5 Rxd5 38. Rxd5+ Kxd5 39. b3 h5 40. Kd3 b5 41. g3 Ke5 42. Ke3 h4 43. gxh4 gxh4 44. Kf3 Kf5 45. Ke3 Ke5 46. Kf3 Kf5 47. Ke3 1/2-1/2